Score 0/14 Timer 02:00
0 Plays Today
Clue Four-Letter Word % Correct
Center of the EarthCORE
96.7%
Difficult; Firm or solidHARD
95.6%
Direction in which sunrise occursEAST
94.4%
To look afterCARE
92%
Flat piece of stiff paper used for a gameCARD
91.9%
Stringed musical instrument played by pluckingHARP
88.7%
After all othersLAST
86.8%
Clue Four-Letter Word % Correct
PainfulSORE
84.1%
To arrange accordinglySORT
83.3%
Opposite of [Rung 7]SOFT
75.6%
Opposite of [Rung 7]EASY
70.8%
Striking part of a whipLASH
52.4%
Clasplike fastening for a door or lidHASP
48.5%
Cooked mixture of chopped meatHASH
48.5%

Today's Daily Dose

Missing Word
Train Books

Word Ladder
Piano Man

Quick Pick
Google Products

Get the Picture
Moana or Coco

Remove Ads.
Support Sporcle.
Get the best of Sporcle when you Go Orange. This ad-free experience offers more features, more stats, and more fun while also helping to support Sporcle. Thank you for becoming a member.

You're not logged in!

Compare scores with friends on all Sporcle quizzes.
OR
Log In

Show Comments

Extras

Top Quizzes Today


Score Distribution

Your Account Isn't Verified!

In order to create a playlist on Sporcle, you need to verify the email address you used during registration. Go to your Sporcle Settings to finish the process.

Report this User

Report this user for behavior that violates our Community Guidelines.

Details: